01758nam a2200433Ii 4500001001200000003000800012006001900020007001500039008004100054020002700095020001500122020001900137035002100156040002600177050002100203100003900224245011300263250002000376264004000396300006500436336002600501337002600527338003600553490002000589500020200609504005700811650004700868600002700915610001600942655002200958791003600980830004401016793005201060856007101112910003401183942000801217952008001225999001901305DIGMILE1012NyNyDIGm o d cr |||||||||||130401r20102001sp o 000 0 spa d a9788497434119q(eBook) z8489790655 z9788489790650  a(OCoLC)787874625 aDGITAbengepncDGITA14aML420.W5525eBook1 aGonzález Balsa, José Ángel. 10aBendita locura :bla tormentosa epopeya de Brian Wilson y Los Beach Boys /cJosé Ángel González Balsa. a1. ed. digital. 1aLleida :bEditorial Milenio,c2010. a1 online resource (520 p., [36] p. of plates):bill., ports. atextbtxt2rdacontent acomputerbc2rdamedia aonline resourcebcr2rdacarrier1 aMúsica ;v12. a"Primera edición digital en pdf: mayo de 2010. Esta edición corresponde a los contenidos de la segunda reimpresión en formato papel de mayo de 2006; primera edicIón impresa en mayo 2001".  aIncludes bibliographical references and discography. 0aRock musicianszUnited StatesvBiography. 10aWilson, Brian,d1942- 20aBeach Boys. 0aElectronic books.2 aDigitalia (Firm),edistributor. 0aSerie música (Lérida, Spain) ;v12.0 gDigitalia eBook Collection:aEditorial Milenio.403Digitalia Hispánicauhttps://www.digitaliapublishing.com/a/6406/ aPremium Collection: 2007-2012 cRAA 001040708DEHaBD-UINbBD-UINd2025-04-25l0r2025-04-25w2025-04-25yRAA c231623d231623